| 000 | 00548nam a2200181 a 4500 | ||
|---|---|---|---|
| 001 | 000034636 | ||
| 005 | 20200930073818.0 | ||
| 008 | 111011s1874 sp 000 0 spa d | ||
| 040 |
_aDO-SdBNP _bspa _cBNPHU |
||
| 082 |
_axxx _bA697b |
||
| 100 | 1 |
_aCastellanos, Juan de _960069 |
|
| 245 | 1 | 0 |
_aElegías de varones de indias / _cJuan de Castellanos. |
| 250 | _a3a. ed. | ||
| 260 |
_aMadrid : _bM. Rivadeneyra, _c1874. |
||
| 300 |
_a567 p. ; _c27 cm. |
||
| 490 | 1 | _aBiblioteca de autores españoles | |
| 830 | 0 |
_aBiblioteca de autores españoles _960070 |
|
| 999 |
_c34127 _d34127 |
||